01159 2200289 4500001002100000005001500021035002000036007000300056008004100059245016600100264003200266336002100298337003000319338002300349020002200372082001000394084001900404100001900423250003400442300002700476650002200503700002300525700002500548504002700573520025300600990001600853INLIS00000000116541320250409032534 a0010-0425000006ta250409 g | ind 1 aEkonomi sirkular :bdalam pengelolaan sampah sebagai dukungan terhadap pariwisata (konsep, paradigma dan implementasi) /cZaenafi Ariani, Nurjannah, Syawaluddin aSleman :bDeepublish,c2022 2rdacontentaTeks 2rdamediaaTanpa perantara 2rdacarrieraVolume a978-623-02-4093-5 a628.4 aSR 628.4 ZAE e0 aZaenafi Ariani aCetakan pertama: Januari 2022 ax, 85 halaman ;c23 cm 4aSampah, Teknologi0  penulisaNurjannah0  penulisaSyawaluddin abibliografi halaman 82 aBuku ini disusun sebagai bahan/materi mata kuliah Ekologi, Ilmu Lingkungan, Biodiversitas, Konservasi Sumberdaya Alam dan Keanekaragaman Tumbuhan untuk membantu mahasiswa dalam memahami keanekaragaman hayati dan manfaat yang bersumber dari tumbuhan a55693.68513